Froggy plays soccer / (Record no. 7798)
[ view plain ]
| 000 -LEADER | |
|---|---|
| fixed length control field | 01010nam a22003017a 4500 |
| 001 - CONTROL NUMBER | |
| control field | 7798 |
| 003 - CONTROL NUMBER IDENTIFIER | |
| control field | FISKH |
| 005 - DATE AND TIME OF LATEST TRANSACTION | |
| control field | 20250807132813.0 |
| 008 - FIXED-LENGTH DATA ELEMENTS--GENERAL INFORMATION | |
| fixed length control field | 250807b cb ||||| |||| 00| 0 eng d |
| 020 ## - INTERNATIONAL STANDARD BOOK NUMBER | |
| International Standard Book Number | 0439086418 |
| 040 ## - CATALOGING SOURCE | |
| Original cataloging agency | DLC |
| Transcribing agency | DLC |
| Modifying agency | DLC |
| Language of cataloging | eng |
| 050 ## - LIBRARY OF CONGRESS CALL NUMBER | |
| Classification number | PZ7.L8432 F |
| 082 ## - DEWEY DECIMAL CLASSIFICATION NUMBER | |
| Classification number | 813 |
| 100 1# - MAIN ENTRY--PERSONAL NAME | |
| Personal name | London, Jonathan |
| Dates associated with a name | (1947-) |
| 245 10 - TITLE STATEMENT | |
| Title | Froggy plays soccer / |
| Statement of responsibility, etc. | by Jonathan London ; illustrated by Frank Remkiewicz |
| 250 ## - EDITION STATEMENT | |
| Edition statement | This edition first published in 2000 |
| 260 ## - PUBLICATION, DISTRIBUTION, ETC. | |
| Place of publication, distribution, etc. | New York : |
| Name of publisher, distributor, etc. | Scholastic, |
| Date of publication, distribution, etc. | 1999 |
| 300 ## - PHYSICAL DESCRIPTION | |
| Extent | 28 unnumbered pages : |
| Other physical details | color illustrations ; |
| Dimensions | 21 x 26 cm |
| 505 ## - FORMATTED CONTENTS NOTE | |
| Formatted contents note | J<br/> |
| 520 ## - SUMMARY, ETC. | |
| Summary, etc. | Although Froggy is very excited when his Dream Team plays for the city soccer championship, he makes a mistake on the field that almost costs the team the game.<br/> |
| 521 8# - TARGET AUDIENCE NOTE | |
| Target audience note | 440<br/> |
| Source | Lexile<br/> |
| 521 8# - TARGET AUDIENCE NOTE | |
| Target audience note | J<br/> |
| Source | Raz-Plus<br/> |
| 650 #1 - SUBJECT ADDED ENTRY--TOPICAL TERM | |
| Topical term or geographic name entry element | Soccer |
| General subdivision | Fiction. |
| 650 #1 - SUBJECT ADDED ENTRY--TOPICAL TERM | |
| Topical term or geographic name entry element | Frogs |
| General subdivision | Fiction. |
| 700 1# - ADDED ENTRY--PERSONAL NAME | |
| Personal name | Remkiewicz, Frank |
| Relator term | illustrator |
| 942 ## - ADDED ENTRY ELEMENTS (KOHA) | |
| Source of classification or shelving scheme | Dewey Decimal Classification |
| Koha item type | Books |
| Suppress in OPAC | No |
| Withdrawn status | Lost status | Source of classification or shelving scheme | Damaged status | Not for loan | Collection | Home library | Current library | Shelving location | Date acquired | Total Checkouts | Full call number | Barcode | Date last seen | Copy number | Price effective from | Koha item type |
|---|---|---|---|---|---|---|---|---|---|---|---|---|---|---|---|---|
| Dewey Decimal Classification | Juvenile Fiction | Footprints International School Library Network Toul Tom Poung Campus | Footprints International School Library Network Toul Tom Poung Campus | TTP Primary Dark Blue Bookshelves | 08/07/2025 | LON 813 PZ7.L8432 F | FIS02537 | 08/07/2025 | 1 | 08/07/2025 | Books |
